| 000 | 00629nam a2200193 i 4500 | ||
|---|---|---|---|
| 001 | 27532 | ||
| 003 | ES-MaACL | ||
| 005 | 20250804045258.0 | ||
| 007 | t| | ||
| 008 | 030114s1880 sp |||| | spa d | ||
| 100 | 1 |
_aAzcárate, Patricio de, _d1800-1886 _924249 |
|
| 245 | 1 | 3 |
_aLa filosofía y la civilización moderna en España / _cPatricio de Azcárate. |
| 260 |
_aMadrid : _b[s.n.], _c1880 ( _fEst. Tip de M. P. Montoya y Cía) |
||
| 300 |
_a28 p. ; _c22 cm. |
||
| 650 | 7 |
_aFilosofía moderna _2embne _9144498 |
|
| 650 | 4 |
_aCivilización moderna. _911098 |
|
| 852 |
_aES-MaACL _jT-1262-F-1 |
||
| 999 |
_c27532 _d27532 |
||